000 01008cam a2200313 i 4500
999 _c328557
_d328557
001 16528961
003 Nust
005 20170412102418.0
008 101102t20092009enkb 000 1 eng
010 _a 2010502987
020 _a9780755345601 (pbk.)
040 _aDLC
_beng
_cDLC
_dDLC
_erda
042 _apcc
043 _af-sj---
050 0 0 _aPR6123.I534
_bS45 2009
082 0 0 _a823.92
_bWIL
100 1 _aWilcox, John,
_d1931-
245 1 0 _aSiege of Khartoum /
_cJohn Wilcox.
260 _aLondon :
_bHeadline,
_c2009,
300 _a468 pages :
_bmap ;
_c20 cm
336 _atext
_2rdacontent
337 _aunmediated
_2rdamedia
338 _avolume
_2rdacarrier
600 1 0 _aGordon, Charles George,
_d1833-1885
_vFiction.
651 0 _aKhartoum (Sudan)
_xHistory
_ySiege, 1884-1885
_vFiction.
655 7 _aWar stories.
_2gsafd
655 7 _aHistorical fiction.
_2gsafd
906 _a7
_bcbc
_corignew
_d2
_encip
_f20
_gy-gencatlg
942 _2ddc
_cBK